|
|
|
|
| LEADER |
00000nam a2200000 a 4500 |
| 001 |
vtls001424323 |
| 003 |
SK-MaSNL |
| 005 |
20260301072421.0 |
| 008 |
190927s2001 xo a r y 0 slo |
| 015 |
|
|
|a SNBI2002/01-00003
|
| 020 |
|
|
|a 8088961017
|
| 035 |
|
|
|a SNK000379203
|
| 040 |
|
|
|a SNK
|b slo
|c SNK
|e AACR2
|
| 041 |
0 |
|
|a slo
|
| 044 |
|
|
|a xo
|c SK
|
| 080 |
|
|
|a 349.2:340.133(094.5)
|2 1981
|
| 080 |
|
|
|a 340.133
|2 1981
|
| 110 |
1 |
|
|a Slovensko
|4 aut
|9 266955
|
| 245 |
1 |
|
|a Pracovné právo
|b SEPI "B" - aktualizácia č. 102
|
| 260 |
|
|
|a Žilina
|b Systém ekonomických a právnych informácií
|c [2001]
|
| 300 |
|
|
|a 156 s. s rozličným stránkovaním
|b tab.
|c 21 cm
|
| 500 |
|
|
|a SEPI - Systém Ekonomických a Právnych Informácií
|
| 650 |
0 |
7 |
|a právo pracovné
|x nariadenia
|x zákony
|x príručky
|2 SNK
|9 391838
|
| 655 |
|
7 |
|a zákony
|2 SNK
|9 70186
|
| 655 |
|
7 |
|a nariadenia
|2 SNK
|9 70672
|
| 919 |
|
|
|a 80-88961-01-7
|
| 958 |
|
|
|a TL
|
| 999 |
|
|
|c 640949
|d 642879
|
| 952 |
|
|
|t P60, <03>, [BOOK], {603}
|a SNK
|b SNK
|y PREZ
|7 0
|p 17A0322395
|o snkSC 102085/102
|i snkKSP 13012/2001
|0 0
|1 0
|4 0
|d 2001-11-19
|l 0
|r 2025-09-23 00:00:00
|w 2026-02-23
|
| 952 |
|
|
|t P60, <04>, [BOOK], {604}
|a SNK
|b SNK
|y VYP
|7 0
|p 17A0322396
|o snkSC 102085/102 D1
|i snkKSP 13013/2001
|0 0
|1 0
|4 0
|d 2001-11-19
|l 0
|r 2005-01-02 00:00:00
|w 2026-02-23
|